Statistics for Philippines A-Z

Click here to take the quiz!

General Stats

  • This quiz has been taken 472 times
  • The average score is 15 of 26

Answer Stats

HintAnswer% Correct
JCountry that occupied in 1942Japan
93%
BSport of Manny PacquiaoBoxing
86%
PCurrency of the PhilippinesPeso
86%
TNative name of the Philippines' official languageTagalog
83%
MPortuguese explorer who died in the Philippines in 1521Ferdinand Magellan
80%
ENational bird of the PhilippinesEagle
77%
IFirst name of the former first lady and shoe collector MarcosImelda
76%
LMost populous islandLuzon
74%
DControversial current PresidentRodrigo Duterte
73%
QPresident during World War II. Namesake of a Metro Manila's biggest cityManuel L. Quezon
71%
CHills that turn brown in dry season{Chocolate} Hills
70%
U"Santo Tomas" is the name of Asia's oldest existing of theseUniversity
58%
KAround 7,420 Filipino men served in this war until 1955Korean War
56%
X"Kulintang a kayo" is a Philippine type of this musical instrumentXylophone
53%
APhilippines was one of the founding members of this regional organizationASEAN
47%
O"Yes" in TOo
45%
GTitle of the government executive during the colonial period{Governor}-General
43%
HPopular cold dessert; unofficially called the Philippines' national dessertHalo-halo
43%
RName one of the two most common surnames starting with RReyes / Ramos
40%
WPhilippines got its first Olympic gold medal recently in this sport in 2021Weightlifting
39%
NFourth-largest and third-most populous islandNegros
36%
ZMajor city at the western tip of MindanaoZamboanga
35%
SSea between Palawan, Mindanao and BorneoSulu Sea
31%
FBoxer who was defeated by Muhammad Ali in "Thrilla in Manila"Joe Frazier
28%
VMajor city in central Mindanao with namesake of a European cityValencia
20%
YMain ethnic group of the island of BasilanYakan
6%

Score Distribution

Percentile by Number Answered

Percent of People with Each Score

Your Score History

You have not taken this quiz